Hungary all time starting xi - Statistics

General Stats
  • This quiz has been taken 106 times
    6 since last reset
  • The average score is 4 of 11
Answer Stats
Hint Answer % Correct
MF(2019- Dominik Szoboszlai
100%
FW(1945-1956 Ferenc Puskás
100%
FW(1948-1956 Sándor Kocsis
60%
DF(2018- Willi Orban
60%
GK(1998-2016 Gábor Király
40%
MF(1947-1962 József Bozsik
40%
FW(2007-2022 Balázs Dzsudzsák
20%
MF(2002-2017 Zoltán Gera
20%
DF(1980-1991 imre Garaba
0%
DF(2004-2016 Roland Juhász
0%
DF(1956-1967 Sandor Matrai
0%
No matching quizzes found
Score Distribution
Percent of People with Each Score
Percentile by Number Answered
Your Score History
You have not taken this quiz since the last reset